| 000 | 00534nam a22002177a 4500 | ||
|---|---|---|---|
| 001 | 00028643 | ||
| 005 | 20260325095500.0 | ||
| 008 | 260325b ag ||||| |||| 00| 0 spa d | ||
| 020 | _a9871165471 | ||
| 040 |
_aAR-CcCEOS _bspa _cAR-CcCEOS |
||
| 041 | _aspa | ||
| 080 | _a101 | ||
| 090 | _bPLA | ||
| 100 | 0 |
_aPlatón _9965 |
|
| 245 |
_aFedro / _cPlatón |
||
| 250 | _a1ª ed. | ||
| 260 |
_aBuenos Aires : _bAgebe, _c2006. |
||
| 300 |
_a128 p. ; _c20x14 cm. |
||
| 650 | 0 |
_afilosofía _2griega _9153 _vANTIGUA |
|
| 942 |
_2udc _cBK _n0 |
||
| 999 |
_c28676 _d28676 |
||